Political sociology : (Record no. 9728)

MARC details
000 -LEADER
fixed length control field 00559cam a2200205ua 4500
001 - CONTROL NUMBER
control field 10776
005 - DATE AND TIME OF LATEST TRANSACTION
control field 20260515114647.0
008 - FIXED-LENGTH DATA ELEMENTS--GENERAL INFORMATION
fixed length control field 190403n ii |||gr||||Z||||||eng
020 ## - INTERNATIONAL STANDARD BOOK NUMBER
International Standard Book Number 9789380261584
040 ## - CATALOGING SOURCE
Transcribing agency MAIN
082 ## - DEWEY DECIMAL CLASSIFICATION NUMBER
Classification number 306.2
245 ## - TITLE STATEMENT
Title Political sociology :
Remainder of title theories and concepts /
Statement of responsibility, etc. By Munin Baruah and Pankaj Borah .
250 ## - EDITION STATEMENT
Edition statement 1st ed.
260 ## - PUBLICATION, DISTRIBUTION, ETC.
Place of publication, distribution, etc. Guwahati:
Name of publisher, distributor, etc. EBH publishers,
Date of publication, distribution, etc. 2012.
300 ## - PHYSICAL DESCRIPTION
Extent 179p.
653 ## - INDEX TERM--UNCONTROLLED
Uncontrolled term Culture & institutions
700 ## - ADDED ENTRY--PERSONAL NAME
Personal name Munin Baruah,
Relator term Author.,
700 ## - ADDED ENTRY--PERSONAL NAME
Personal name Pankaj Borah,
Relator term Author.
942 ## - ADDED ENTRY ELEMENTS (KOHA)
Koha item type Books
Holdings
Withdrawn status Lost status Damaged status Not for loan Home library Current library Shelving location Date acquired Total checkouts Full call number Barcode Date last seen Date last checked out Copy number Price effective from Koha item type
        Naharkatiya College Library Naharkatiya College Library General stacks 09/19/2020 1 306.2Political sociology | BAR 25049 10/29/2021 10/29/2021 1 09/19/2020 Books